000 00395nam a22001457a 4500
999 _c7668
_d7666
005 20210319110123.0
008 210319b ||||| |||| 00| 0 eng d
082 _a346.066
100 _aAIYAR, A.N.
_96466
245 _aCOMPANY CASES THE CORPORATE LAW WEEKLY [VOL-151]
260 _aCHENNAI
_bCOMPANY LAWINSTITUTE OF INDIA
_c2009
300 _ai-xxxii;676,p
650 _aLAW
_95701
942 _cJRL